Ecology and resource development in Southeast Asia

Zapisane w:
Opis bibliograficzny
1. autor: Gordon Conway
Format: Książka
Język:Undetermined
Wydane: New York The Ford Foundation Office for Southeast Asia 1973
Hasła przedmiotowe:
Etykiety: Dodaj etykietę
Nie ma etykietki, Dołącz pierwszą etykiete!
Thư viện lưu trữ: Trung tâm Học liệu Trường Đại học Cần Thơ
LEADER 00544nam a2200181Ia 4500
001 CTU_29926
008 210402s9999 xx 000 0 und d
082 |a 574.5 
082 |b E19 
100 |a Gordon Conway 
245 0 |a Ecology and resource development in Southeast Asia 
245 0 |c Gordon Conway, Jeff Romm 
260 |a New York 
260 |b The Ford Foundation Office for Southeast Asia 
260 |c 1973 
650 |a ecology - Southeast Asia 
904 |i Liên, 981223 
980 |a Trung tâm Học liệu Trường Đại học Cần Thơ